| 000 | 01084nam a2200265 i 4500 | ||
|---|---|---|---|
| 001 | bg | ||
| 003 | KOSZ 005 | ||
| 005 | 20220901083043.0 | ||
| 008 | 990506s1962 pl a g 000 0 pol | ||
| 015 | _aPB 1963/3287 | ||
| 040 |
_aWA N _cKOSZ 005/RW _dKOSZ 005/RW |
||
| 080 | _a913(100) | ||
| 245 | 0 | 0 |
_aGeografia powszechna. _nT. 1, _pZiemia - środowisko naturalne człowieka / _cprzewodniczący kom. red. August Zierhoffer ; red. Adam Malicki ; red. kartogr. Franciszek Uhorczak. |
| 260 |
_aWarszawa : _bPaństwowe Wydawnictwo Naukowe, _c1962. |
||
| 300 |
_a469, [3] s., [32] k. tabl. : _bil., portr., err. ; _c30 cm. |
||
| 380 | _aKsiążki. | ||
| 504 | _aBibliogr. przy rozdz. | ||
| 650 | 4 | _aGeografia | |
| 700 | 1 |
_aMalicki, Adam _d(1907-1981). _eRed. |
|
| 710 | 2 |
_aPaństwowe Wydawnictwo Naukowe _4pbl. |
|
| 700 | 1 |
_aZierhoffer, August _d(1893-1969) _eRedakcja |
|
| 700 | 1 |
_aUhorczak, Franciszek _d(1902-1981) _eRedakcja |
|
| 856 |
_uhttp://koha.tu.koszalin.pl/cgi-bin/koha/opac-detail.pl?biblionumber=11007 _yKatalog online BPK |
||
| 942 |
_2UKD _cKS |
||
| 999 |
_c11007 _d11007 |
||